Pokročilé možnosti virtualizácie počítačových sietí
Saved in:
| Main Author: | |
|---|---|
| Other Authors: | |
| Format: | Manuscript Book |
| Language: | Slovak |
| Published: |
Bratislava :
STU v Bratislave FEI,
2021
|
| Subjects: | |
| Online Access: | https://opac.crzp.sk/?fn=detailBiblioForm&sid=334AA18D2886008FB3D06E272232&seo=CRZP-detail-kniha |
| Tags: |
No Tags, Be the first to tag this record!
|
MARC
| LEADER | 00000ntm a22000003a 4500 | ||
|---|---|---|---|
| 001 | stuzp82417 | ||
| 003 | SK-STU | ||
| 005 | 20210924131208.3 | ||
| 007 | ta | ||
| 008 | 150427s2015----xo-----f-mn---000-0-slo-d | ||
| 040 | |a STU |b slo | ||
| 041 | 0 | |a slo | |
| 044 | |a xo | ||
| 100 | 1 | |a Szitkey, Viktor |u 037000 |4 aut |U FEI Fakulta elektrotechniky a informatiky |T FEI Ústav multimediálnych informačných a komunikačných technológií |X 79762 |U E070 |Y 818 |7 79762 | |
| 242 | 0 | 1 | |a Advanced options for computer networks virtualization |y eng |
| 245 | 1 | 0 | |a Pokročilé možnosti virtualizácie počítačových sietí |
| 260 | |a Bratislava : |b STU v Bratislave FEI, |c 2021 | ||
| 300 | |a 71 s. | ||
| 650 | 4 | |2 slo | |
| 650 | 4 | |a Data Plane |2 slo | |
| 650 | 4 | |a Control Plane |2 slo |a VXLAN | |
| 650 | 4 | |a VXLAN |2 eng | |
| 650 | 4 | |a Data Plane |2 eng | |
| 650 | 4 | |a Control Plane |2 eng | |
| 700 | 1 | |a Páleník, Tomáš |u 037000 |k Z1 |4 ths |U FEI Fakulta elektrotechniky a informatiky |T FEI Ústav multimediálnych informačných a komunikačných technológií |X 19622 |U E070 |Y 818 |7 A000019622 | |
| 856 | 4 | |u https://opac.crzp.sk/?fn=detailBiblioForm&sid=334AA18D2886008FB3D06E272232&seo=CRZP-detail-kniha | |